European City by Emoji - Statistics

General Stats
  • This quiz has been taken 85 times
  • The average score is 10 of 15
Answer Stats
Emoji City % Correct
Paris
100%
Amsterdam
91%
Dublin
89%
London
87%
Rome
85%
Athens
81%
Venice
73%
Brussels
72%
Munich
70%
Copenhagen
63%
Edinburgh
63%
Vienna
63%
Bordeaux
29%
Barcelona
28%
Liverpool
22%
No matching quizzes found
Score Distribution
Percent of People with Each Score
Percentile by Number Answered
Your Score History
You have not taken this quiz